| 000 | 00000nam##2200000za#4500 |
| 001 | 9.578849 |
| 003 | CaOODSP |
| 005 | 20210624190259 |
| 007 | cr ||||||||||| |
| 008 | 150406|2000||||xxc|||||o f|0| 0 eng|d |
| 040 | |aCaOODSP|beng |
| 043 | |an-cn--- |
| 086 | 1 |aFs76-1/A3-04-2000E-PDF |
| 110 | 1 |aCanada. |bDepartment of Fisheries and Oceans. |bMaritimes Region. |
| 245 | 10|aEastern Georges Bank cod |h[electronic resource] |
| 260 | |aDartmouth - Nova Scotia : |bFisheries and Oceans Canada. |cMay 2000. |
| 300 | |a6p.|bgraphs, illus., map, references, table |
| 490 | 1 |aStock status report |vA3-04(2000) |
| 590 | |a14-12-Supp|b2014-05-30 |
| 775 | 08|tMorue de l'est du banc Georges |w(CaOODSP)9.606610 |
| 830 | #0|aStock status report ;|vA3-04(2000)|w(CaOODSP)9.506229 |
| 856 | 40|ahttp://publications.gc.ca|qPDF|s136 KB|uhttps://publications.gc.ca/collections/collection_2014/mpo-dfo/Fs76-1-A3-04-2000-eng.pdf|yA3-04(2000) |